[Event "SLO-ch U10"]
[Site "Rogaska Slatina"]
[Date "2009.02.23"]
[Round "3"]
[White "Kumin, Vojko"]
[Black "Leonardi, Dejan"]
[Result "0-1"]
[WhiteElo "1500"]
[BlackElo "1500"]
[PlyCount "63"]
[EventDate "2009.02.22"]
[EventType "swiss"]
[EventRounds "9"]
[EventCountry "SLO"]
[SourceTitle "CBM 129 Extra"]
[Source "ChessBase"]
[SourceDate "2009.05.05"]
[SourceVersion "2"]
[SourceVersionDate "2009.05.20"]
[SourceQuality "1"]

1. e4 e5 2. Bc4 Nf6 3. Nc3 Bb4 4. d3 Nc6 5. Bd2 d6 6. h3 Be6 7. Bb5 Bd7 8. Nf3 a6 9. Ba4 Nd4 10. Bxd7+ Qxd7 11. 0-0 Nxf3+ 12. Qxf3 Bxc3 13. Bxc3 d5 14. exd5 Qxd5 15. Qxd5 Nxd5 16. Bxe5 Nb4 17. Bxg7 Rg8 18. Rfe1+ Kd7 19. Bf6 Nxc2 20. Rac1 Nxe1 21. Rxe1 Rge8 22. Rxe8 Rxe8 23. Kf1 c5 24. f4 b5 25. Be5 c4 26. Kf2 cxd3 27. Bc3 Kd6 28. a3 Kc5 29. g4 a5 30. f5 Re2+ 31. Kf1 b4 32. Bf6 0-1